[Event "28th Nezhmetdinov mem"]
[Site "Kazan RUS"]
[Date "2006.06.01"]
[Round "1"]
[White "Gazizov,R"]
[Black "Zubarev,Al1"]
[Result "1/2-1/2"]
[WhiteElo "2254"]
[BlackElo "2515"]

1.e4 c5 2.Nf3 Nc6 3.Bb5 e6 4.Bxc6 bxc6 5.O-O Ne7 6.d3 Ng6 7.Na3 Be7 8.Re1 e5
9.Nc4 d6 10.Bd2 O-O 11.Ne3 f5 12.exf5 Bxf5 13.Nxf5 Rxf5 14.c3 d5 15.g4 Rf8
16.Nxe5 Nxe5 17.Rxe5 Bd6 18.Rh5 Qf6 19.Rf5 Qh4 20.f4 Rxf5 21.gxf5 Bxf4 22.Bxf4 Qxf4
23.Qe2 Qxf5 24.Re1 Rc8 25.Qe6+ Qxe6 26.Rxe6 Kf7 27.Re2 Re8 28.Rd2 Re1+ 29.Kf2 Ra1
30.a3 Kf6 31.Ke3 Re1+ 32.Kf2 Rb1 33.Ke3 g5 34.Rf2+ Kg6 35.b4 Re1+ 36.Kd2 Re8
37.bxc5 h5 38.d4 g4 39.Kd3 h4 40.c4 dxc4+ 41.Kxc4 Re3 42.a4 a5 43.Rf8 Re6
44.Kd3 Kg5 45.d5 cxd5 46.Kd4 Rf6 47.Rg8+ Rg6 48.Re8 g3 49.hxg3 hxg3 50.Re1 g2
51.Kxd5 Kf6 52.Rg1 Ke7 53.Ke4 Ke6 54.Kf3 Rf6+ 55.Ke2 Rg6 56.Kf3 Kd5 57.Rxg2 Rxg2
58.Kxg2 Kxc5 59.Kf2 Kb4  1/2-1/2

[Event "28th Nezhmetdinov mem"]
[Site "Kazan RUS"]
[Date "2006.06.01"]
[Round "1"]
[White "Yaksin,O"]
[Black "Grebionkin,Vl"]
[Result "1/2-1/2"]
[WhiteElo "2198"]
[BlackElo "2420"]

1.e4 c5 2.Nf3 Nc6 3.Bb5 d6 4.c3 Nf6 5.d3 Bd7 6.O-O e6 7.Re1 Ne5 8.Bxd7+ Qxd7
9.d4 Nxf3+ 10.Qxf3 d5 11.e5 Ng8 12.dxc5 Bxc5 13.Qg4 Ne7 14.Be3 Bxe3 15.Rxe3 O-O
16.Na3 Nf5 17.Rd3 Rac8 18.Rad1 Qc7 19.Qe2 a6 20.Nc2 Ne7 21.Nd4 Ng6 22.Re3 Qc4
23.a3 Qxe2 24.Rxe2 Rc4 25.g3 Ne7 26.f4 g6 27.Kf2 Nf5 28.Nxf5 gxf5 29.Red2 Rfc8
30.Rd4 h5  1/2-1/2

[Event "21st Schachtage"]
[Site "Hassloch GER"]
[Date "2006.06.02"]
[Round "1"]
[White "Werner,An"]
[Black "Bensch,P"]
[Result "0-1"]
[WhiteElo "2074"]
[BlackElo "2279"]

1.e4 c5 2.Nf3 Nc6 3.Bb5 d6 4.Bxc6+ bxc6 5.O-O Bg4 6.h3 Bh5 7.d3 e5 8.c3 Nf6
9.Nbd2 Be7 10.Re1 O-O 11.Nf1 Nd7 12.Ng3 Bg6 13.Qa4 Qc7 14.Be3 d5 15.Rac1 Rab8
16.b4 d4 17.Bd2 dxc3 18.Rxc3 Rxb4 19.Qa3 Rfb8 20.Be3 c4 21.Qxa7 R4b7 22.Qa4 Bb4
23.Rxc4 Bxe1 24.Nxe1 Nb6 25.Bxb6 Rxb6 26.Nf3 Qd6 27.d4 exd4 28.e5 Qe7 29.Rxc6 Rxc6
30.Qxc6 d3 31.Ne4 Qb7  0-1

[Event "21st Schachtage"]
[Site "Hassloch GER"]
[Date "2006.06.03"]
[Round "2"]
[White "Boidman,Y"]
[Black "Dekan,H"]
[Result "1-0"]
[WhiteElo "2439"]
[BlackElo "2165"]

1.e4 c5 2.Nf3 Nc6 3.Bb5 g6 4.Bxc6 dxc6 5.d3 Bg7 6.h3 Nf6 7.O-O O-O 8.Nc3 Qc7
9.Be3 b6 10.Qd2 e5 11.Bh6 Nh5 12.Ne2 Ba6 13.Bxg7 Kxg7 14.b3 Rad8 15.Qg5 f6
16.Qe3 Kg8 17.Nh2 Nf4 18.Rae1 Rf7 19.Ng4 Rff8 20.Qf3 h5 21.Ne3 Ne6 22.Qg3 Kh7
23.f4 exf4 24.Nxf4 Nxf4 25.Rxf4 g5 26.Rf3 Qxg3 27.Rxg3 Bc8 28.Rf1 Kg6 29.Rgf3 Rde8
30.h4 gxh4 31.Kh2 Re5 32.Nf5 Bxf5 33.Rxf5 Rxf5 34.Rxf5 Re8 35.Kh3 Re5 36.Rxe5 fxe5
37.Kxh4 b5 38.a4 a5 39.c4 bxa4 40.bxa4 Kh6 41.g3 Kg6 42.g4 hxg4 43.Kxg4 Kf6
44.Kh5  1-0

[Event "21st Schachtage"]
[Site "Hassloch GER"]
[Date "2006.06.04"]
[Round "4"]
[White "Zeier,K"]
[Black "Dekan,H"]
[Result "0-1"]
[WhiteElo "2053"]
[BlackElo "2165"]

1.e4 c5 2.Nf3 Nc6 3.Bb5 g6 4.O-O Bg7 5.c3 a6 6.Bxc6 dxc6 7.h3 Nf6 8.Qe2 Nh5
9.d3 e5 10.Rd1 Qc7 11.d4 cxd4 12.cxd4 exd4 13.Nxd4 O-O 14.Nc3 Nf4 15.Qf3 Ne6
16.Nxe6 Bxe6 17.Bg5 Qe5 18.Be7 Rfe8 19.Bd6 Qa5 20.a3 Bb3 21.Rd2 Rad8 22.Bb4 Qg5
23.Rxd8 Rxd8 24.Re1 a5 25.Ne2 axb4 26.Qxb3 bxa3 27.bxa3 Qd2 28.Kf1 b5 29.Qg3 Bf8
30.Qc7 Bxa3 31.g3 Qd7 32.Qxd7 Rxd7 33.Nf4 b4 34.Rb1 Rd4 35.f3 Rd2 36.Ng2 c5
37.Ne3 Ra2 38.Rb3 Ra1+ 39.Kf2 Rc1 40.Nd5 c4 41.Rxb4 Bxb4 42.Nxb4 Rb1 43.Nd5 Rb3
44.Ke2 Kf8 45.h4 Kg7 46.g4 f6 47.g5 f5 48.exf5 gxf5 49.h5 Rb5 50.Nf4 Rb1
51.Ne6+ Kf7 52.Nd4 f4 53.Nc6 Rb2+ 54.Ke1 Rb5 55.g6+ hxg6 56.hxg6+ Kxg6 57.Kd2 Rc5
58.Nd4 c3+ 59.Kc2 Kf6 60.Ne2 Ke5 61.Nc1 Rc8 62.Nd3+ Kd4 63.Nxf4 Ke3 64.Nd5+ Kd4
65.Nf4 Re8 66.Kd1 Re7 67.Ne2+ Kc4 68.Nc1 Re3 69.f4 Rh3 70.Kc2 Rh2+ 71.Kb1 Rb2+
72.Ka1 Rf2  0-1

[Event "21st Schachtage"]
[Site "Hassloch GER"]
[Date "2006.06.04"]
[Round "5"]
[White "Thinius,M"]
[Black "Eschke,L"]
[Result "1-0"]
[WhiteElo "2353"]
[BlackElo "2141"]

1.e4 c5 2.Nf3 Nc6 3.Bb5 g6 4.Bxc6 dxc6 5.d3 Bg7 6.h3 Qc7 7.Nc3 Nf6 8.Be3 b6
9.Qd2 O-O 10.Bf4 Qb7 11.Bh6 Rd8 12.Bxg7 Kxg7 13.Ne5 Qc7 14.f4 Nd7 15.Ng4 Nf8
16.O-O-O c4 17.d4 b5 18.f5 b4 19.Ne2 Qa5 20.Kb1 c3 21.Qg5 f6 22.Qh6+ Kg8
23.Nf4 b3 24.axb3 Rb8 25.fxg6 Rb6 26.Nh5  1-0

[Event "28th Nezhmetdinov mem"]
[Site "Kazan RUS"]
[Date "2006.06.05"]
[Round "5"]
[White "Gorbatjuk,V"]
[Black "Tkachuk,A"]
[Result "1/2-1/2"]
[WhiteElo "2226"]
[BlackElo "2160"]

1.e4 c5 2.Nf3 Nc6 3.Bb5 d6 4.Bxc6+ bxc6 5.h3 e5 6.O-O f5 7.d3 Nf6 8.c3 Be7
9.d4 fxe4 10.dxe5 Nd5 11.exd6 Qxd6 12.Nh2 Qg6 13.Ng4 Bd6 14.Qa4 O-O 15.Nd2 Bxg4
16.hxg4 Qh6 17.Nf3 Qg6 18.Nh4 Qe6 19.Nf5 Bc7 20.c4 Nb6 21.Qxc6 Qxc6 22.Ne7+ Kf7
23.Nxc6 Nxc4 24.b3 Ne5 25.Bf4 Nxc6 26.Bxc7 Ke6 27.f4 Kd7 28.Be5 Nxe5 29.fxe5 Ke6
30.Rac1 Rxf1+ 31.Kxf1 Kd5 32.Ke2 Re8 33.Rd1+ Kxe5 34.Rd7 Re6 35.Rxa7 Rg6
36.a4 h6  1/2-1/2

[Event "28th Nezhmetdinov mem"]
[Site "Kazan RUS"]
[Date "2006.06.07"]
[Round "7"]
[White "Gorbatjuk,V"]
[Black "Gazizov,R"]
[Result "0-1"]
[WhiteElo "2226"]
[BlackElo "2254"]

1.e4 c5 2.Nf3 Nc6 3.Bb5 d6 4.O-O Bd7 5.Re1 a6 6.Bf1 Bg4 7.c3 Nf6 8.d4 cxd4
9.cxd4 d5 10.e5 Ng8 11.Nc3 e6 12.Be3 Nge7 13.Rc1 Bxf3 14.Qxf3 Nf5 15.Red1 h5
16.a3 Rc8 17.b4 g6 18.b5 axb5 19.Nxb5 Be7 20.Bd3 Ra8 21.Rb1 Kf8 22.Bxf5 gxf5
23.Bf4 Na5 24.Nd6 b6 25.Rdc1 Bxd6 26.exd6 Nc4 27.d7 Ra4 28.Rb4 Rxb4 29.axb4 Qxd7
30.Ra1 Qb7 31.Qg3 Ke7 32.Qg5+ Kd7 33.Qg7 Re8 34.Qxf7+ Re7 35.Qxh5 Kc6 36.h4 Rh7
37.Qe8+ Qd7 38.Qxd7+ Rxd7 39.h5 Kb5 40.Re1 Kxb4 41.Rxe6 b5 42.Bg5 Kc3 43.Re7 Rxe7
44.Bxe7 b4 45.h6 b3 46.h7 b2 47.h8=Q b1=Q+ 48.Kh2 Qe4 49.Bg5 Kd3 50.f3 Qxd4
51.Qh4 Qe5+ 52.f4 Qe4 53.Qh3+ Ne3 54.Qg3 Ke2 55.Kh3 d4  0-1

[Event "28th Nezhmetdinov mem"]
[Site "Kazan RUS"]
[Date "2006.06.07"]
[Round "7"]
[White "Yandemirov,V"]
[Black "Grebionkin,Vl"]
[Result "1/2-1/2"]
[WhiteElo "2520"]
[BlackElo "2420"]

1.e4 c5 2.Nf3 Nc6 3.Bb5 g6 4.O-O Bg7 5.c3 Nf6 6.Qa4 Qb6 7.Re1 O-O 8.d4 cxd4
9.cxd4 d5 10.e5 Ne4 11.Bxc6 Qxc6 12.Qa3 Re8 13.Be3 f6 14.Rc1 Qb6 15.Nc3 Nxc3
16.Qxc3 Bg4 17.Ne1 Rac8 18.Qd2 Bf5 19.exf6 exf6 20.Rxc8 Rxc8 21.Rc1 Rxc1
22.Qxc1 Bf8 23.a3 Qb5 24.Bd2 Qc4 25.Bc3 Bd6 26.Nc2 Qc7 27.h3 Bh2+ 28.Kh1 Bf4
29.Ne3 Be6 30.Bd2 Qd7 31.Nf1 Bd6 32.Bf4 Be7 33.Qc7 Qxc7 34.Bxc7 Kf7 35.Ne3 Ke8
36.Nd1 Kd7 37.Bf4 Kc6 38.Nc3 Bf5 39.Kg1 b5 40.Bd2 a5 41.Na2 Bb1 42.Nc1 b4
43.axb4 axb4 44.b3 Bd6 45.Kf1 g5 46.Ke2 Bc2  1/2-1/2

[Event "TCh-NOR Open"]
[Site "Oslo NOR"]
[Date "2006.06.07"]
[Round "1"]
[White "Persson,M1"]
[Black "Thanke,B"]
[Result "1-0"]
[WhiteElo "2025"]
[BlackElo "2132"]

1.e4 c5 2.Nf3 Nc6 3.Bb5 d6 4.Bxc6+ bxc6 5.O-O e5 6.c3 Nf6 7.Re1 Bg4 8.d3 Be7
9.Nbd2 O-O 10.Nf1 Nd7 11.Ne3 Bh5 12.g4 Bg6 13.Kh1 d5 14.exd5 e4 15.dxc6 exf3
16.cxd7 Qxd7 17.Nf5 Bxf5 18.gxf5 Bf6 19.Qxf3 Rad8 20.Re4 Qb5 21.a4 Qb3 22.Kg2 Qc2
23.Re3 Rfe8 24.Rxe8+ Rxe8 25.Qc6 Rd8 26.Bf4 Qxd3 27.Re1 h5 28.Qxc5 Rd5 29.Qe3 Qxf5
30.Qe8+ Kh7 31.Qe4 Kg6 32.Kf3 Rd3+ 33.Re3 Rd2 34.b3 Qxe4+ 35.Rxe4 Bxc3 36.Bxd2  1-0

[Event "Lasker Mem A"]
[Site "Barlinek POL"]
[Date "2006.06.08"]
[Round "6"]
[White "Gumula,D"]
[Black "Koziak,V"]
[Result "1-0"]
[WhiteElo "2341"]
[BlackElo "2462"]

1.e4 c5 2.Nf3 Nc6 3.Bb5 g6 4.Bxc6 dxc6 5.d3 Bg7 6.h3 e5 7.Nc3 Qe7 8.Be3 Nf6
9.Qd2 Nd7 10.Bh6 Bxh6 11.Qxh6 f6 12.Nd2 Nf8 13.f4 exf4 14.Qxf4 Ne6 15.Qf2 O-O
16.O-O Bd7 17.Nf3 b6 18.Rae1 Rae8 19.a3 Qd6 20.e5 fxe5 21.Qh4 Kg7 22.Ne4 Qe7
23.Qxe7+ Rxe7 24.Nxe5 Rxf1+ 25.Rxf1 Be8 26.Nc4 Nd4 27.Rf2 Bf7 28.Ncd6 c4
29.c3 Nb3 30.Rxf7+ Rxf7 31.Nxf7 cxd3 32.Ne5 d2 33.Nf2 c5 34.Kf1 Kf6 35.Nf3 c4
36.Ke2 Kf5 37.g3  1-0

[Event "28th Nezhmetdinov mem"]
[Site "Kazan RUS"]
[Date "2006.06.08"]
[Round "8"]
[White "Zubarev,Al1"]
[Black "Rodchenkov,V"]
[Result "1/2-1/2"]
[WhiteElo "2515"]
[BlackElo "2343"]

1.e4 c5 2.Nf3 Nc6 3.Bb5 d6 4.d4 cxd4 5.Qxd4 Bd7 6.Bxc6 Bxc6 7.Nc3 Nf6 8.Bg5 e6
9.O-O-O Be7 10.Rhe1 O-O 11.Kb1 Qa5 12.Qd2 Qa6 13.Nd4 Rac8 14.f3 b5 15.g4 b4
16.Nce2 Bxe4 17.Nf4 Bd5 18.Nxd5 Nxd5 19.Bxe7 Nxe7 20.f4 Nc6 21.Nb3 Qc4 22.Qxd6 a5
23.f5 a4 24.Nc5 exf5 25.b3 axb3 26.cxb3 Qc3 27.gxf5 Na7 28.Ne4 Qf3 29.Qd5 Qf4
30.Rg1 Nb5 31.Nf6+ Kh8 32.Qxb5 gxf6 33.Qd3 Rg8 34.Rg3 Rxg3 35.hxg3 Qg4 36.Rc1 Rb8
37.Rc4 Qh3 38.Rh4 Qg2 39.Rd4 Qf2 40.g4 Re8 41.Rd8 Rxd8 42.Qxd8+  1/2-1/2

[Event "TCh-NOR Open"]
[Site "Oslo NOR"]
[Date "2006.06.08"]
[Round "2"]
[White "Bryn,T"]
[Black "Danielsen,A"]
[Result "1/2-1/2"]
[WhiteElo "1994"]
[BlackElo "2160"]

1.e4 c5 2.Nf3 Nc6 3.Bb5 Nd4 4.Bc4 Nf6 5.c3 Nxf3+ 6.Qxf3 e5 7.O-O Qc7 8.d4 cxd4
9.Bb3 Bc5 10.Bg5 Qc6 11.Re1 a5 12.cxd4 Bxd4 13.Nc3 Bxc3 14.Rac1 Bxe1 15.Rxc6 bxc6
16.Bxf6 gxf6 17.Qxf6 Rf8 18.a3 a4 19.Qxe5+ Kd8 20.Qg7 Re8 21.Bxf7 Rxe4 22.Qxh7 Re2
23.Bc4 Re7 24.Qh4 Ra5 25.Qf6 Re5 26.h4 d5 27.Qd6+ Ke8 28.Qxc6+ Kf7 29.Bxd5+ Be6
30.Bxe6+ R7xe6 31.Qxa4 Re4 32.Qd7+ Kg6 33.h5+ Kxh5 34.Qh7+ Kg5 35.f3 Re2
36.Qg7+ Kf5 37.Qf7+ Ke5 38.f4+ Kd4 39.Qd7+ Kc4 40.f5 R6e4 41.Qc6+ Kb3 42.Kf1 Kxb2
43.Qb5+ Kxa3 44.Qxe2 Rxe2 45.Kxe2 Bc3 46.Kf3 Kb4 47.Kg4 Kc5 48.Kg5 Kd6 49.Kg6 Ke7
50.g4 Bf6 51.g5 Bxg5 52.f6+ Bxf6  1/2-1/2

[Event "Summer-1"]
[Site "Alushta UKR"]
[Date "2006.06.09"]
[Round "11"]
[White "Shtyrenkov,V"]
[Black "Mankeyev,Raua"]
[Result "1-0"]
[WhiteElo "2416"]
[BlackElo "2381"]

1.e4 c5 2.Nf3 Nc6 3.Bb5 g6 4.O-O Bg7 5.c3 Nf6 6.Re1 O-O 7.h3 a6 8.Bxc6 bxc6
9.d4 cxd4 10.cxd4 d5 11.e5 Ne4 12.Nc3 Nxc3 13.bxc3 Qa5 14.Qb3 Bf5 15.Ba3 Rfe8
16.Bb4 Qc7 17.Qd1 f6 18.e6 g5 19.Nd2 a5 20.Ba3 a4 21.Nf1 Qc8 22.Qe2 Qa6 23.Qf3 Be4
24.Qg4 Bg6 25.Ng3 Qd3 26.Bb4 h6 27.Re3 Qc2 28.Re2 Qd3 29.Re3 Qc2 30.Qf3 a3
31.Re2 Qd3 32.Re3 Qc2 33.h4 gxh4 34.Nh5 Qf5 35.Nf4 Bh7 36.Nd3 Qg5 37.Qh3 Bf5
38.Qh2 h5 39.f4 Qg6 40.Nf2 Bh6 41.Qxh4 Bg4 42.g3 Bf5 43.Kg2 Kg7 44.Rh1 Bg4
45.Nxg4 hxg4 46.f5 Qg5 47.Qxg5+ Bxg5 48.Ree1 Bd2 49.Rd1 Bg5 50.Rh5 Rh8 51.Rxh8 Rxh8
52.Bxe7 Rb8 53.Bb4 Ra8 54.Rb1 Bd2 55.Rb3 Bc1 56.Bd6 Bb2 57.Rb7+ Kg8 58.Bb4 c5
59.dxc5 d4 60.cxd4 Bxd4 61.c6 Rc8 62.c7 Be5 63.Ba5 Kg7 64.Rb4  1-0

[Event "28th Nezhmetdinov mem"]
[Site "Kazan RUS"]
[Date "2006.06.09"]
[Round "9"]
[White "Voitsekhovsky,S"]
[Black "Sokolov,Sergei"]
[Result "0-1"]
[WhiteElo "2490"]
[BlackElo "2367"]

1.e4 c5 2.Nf3 Nc6 3.Bb5 g6 4.Bxc6 dxc6 5.d3 Bg7 6.h3 Nf6 7.Nc3 Nd7 8.Be3 e5
9.Qd2 h6 10.O-O Qe7 11.a3 Nf8 12.b4 Ne6 13.Na4 b6 14.bxc5 b5 15.Nb2 f5 16.Qa5 f4
17.Bd2 g5 18.Bc3 Nd4 19.Bxd4 exd4 20.e5 O-O 21.c3 g4 22.hxg4 Bxg4 23.Nh2 f3
24.cxd4 Bh3 25.Rfe1 Bxg2 26.Re4 Bh3 27.Qd2 Qe6  0-1

[Event "Masters"]
[Site "Las Vegas USA"]
[Date "2006.06.10"]
[Round "1"]
[White "Gonzalez,Ren"]
[Black "Stoyko,S"]
[Result "1-0"]
[WhiteElo "2470"]
[BlackElo "2293"]

1.e4 c5 2.Nf3 Nc6 3.Bb5 e5 4.Bxc6 dxc6 5.d3 Bd6 6.h3 f6 7.Be3 Be6 8.Nbd2 Ne7
9.O-O Qd7 10.Nc4 g5 11.Nfd2 h5 12.Nxd6+ Qxd6 13.Nc4 Bxc4 14.dxc4 Nc8 15.Qe2 b6
16.a4 a5 17.Ra3 Qe6 18.Rb3 g4 19.Rd1 Ra7 20.Rbd3 Kf7 21.Bc1 Re7 22.b3 Rg8
23.Kh2 Rg6 24.Rd8 Kg7 25.R1d3 f5 26.exf5 Qxf5 27.h4 e4 28.Bb2+ Kf7 29.Rd1 Rd6
30.R1xd6 Nxd6 31.Qe3 Ne8 32.Kg1 Re6 33.Rd7+ Re7 34.Rd8 Re6 35.Rb8 Rd6 36.Rxb6 Rd1+
37.Kh2 Rf1 38.Qh6 g3+ 39.fxg3  1-0

[Event "Masters"]
[Site "Las Vegas USA"]
[Date "2006.06.10"]
[Round "1"]
[White "Perelshteyn,E"]
[Black "Savage,B"]
[Result "1-0"]
[WhiteElo "2526"]
[BlackElo "2310"]

1.e4 c5 2.Nf3 Nc6 3.Bb5 g6 4.Bxc6 dxc6 5.d3 Bg7 6.h3 Nf6 7.Nc3 O-O 8.Bf4 Nh5
9.Be3 Qd6 10.Qd2 e5 11.O-O-O b5 12.Ne2 Nf6 13.Bh6 a5 14.g4 a4 15.Ng3 b4 16.Bxg7 Kxg7
17.Rhg1 Kh8 18.c4 bxc3 19.Qxc3 Nd7 20.Nf1 Ba6 21.Ne3 Qe6 22.Kb1 Rfb8 23.Nd2 Rb4
24.Ndc4 f6 25.g5 Rab8 26.Rd2 Nb6 27.Nxb6 R8xb6 28.Qxc5 Kg7 29.gxf6+ Qxf6
30.Ng4 Bxd3+ 31.Rxd3 Rxb2+ 32.Ka1 Rxa2+ 33.Kxa2 Qe6+ 34.Ka1  1-0

[Event "ch-StP"]
[Site "St Petersburg RUS"]
[Date "2006.06.10"]
[Round "8"]
[White "Popov,Val"]
[Black "Yemelin,V"]
[Result "1-0"]
[WhiteElo "2587"]
[BlackElo "2520"]

1.Nf3 c5 2.e4 Nc6 3.Bb5 g6 4.Bxc6 dxc6 5.d3 Bg7 6.h3 Nf6 7.Nc3 Nd7 8.Be3 e5
9.Qd2 h6 10.O-O Qe7 11.a3 a5 12.Nh2 a4 13.Kh1 Nf8 14.b3 axb3 15.cxb3 Ne6
16.Na4 Ra6 17.Rfc1 b6 18.Nb2 f5 19.f3 f4 20.Bf2 O-O 21.b4 cxb4 22.Rxc6 Nd4
23.Bxd4 exd4 24.a4 b5 25.Qc1 Rxc6 26.Qxc6 bxa4 27.Rxa4 Be6 28.Nf1 Rc8 29.Ra8 Qd7
30.Rxc8+ Qxc8 31.Qb6 b3 32.Nd2 Qc1+ 33.Kh2 Bf7 34.Nbc4 Qc3 35.Qxb3 Kh7 36.Qb1 h5
37.e5 Bd5 38.e6 Bxc4 39.Nxc4 Bf6 40.g3 fxg3+ 41.Kxg3 Bg5 42.f4 Be7 43.Kf3 Kg7
44.Ke4 Kf6 45.Qg1 Bb4 46.Nb6 Qe1+ 47.Qxe1 Bxe1 48.Kd5 Bb4 49.Nd7+ Kf5 50.Nc5 Bxc5
51.Kxc5 Kxe6 52.Kxd4 Kf5 53.Ke3 g5 54.fxg5 Kxg5 55.Ke4 Kh4 56.d4 Kxh3 57.Kf3 Kh4
58.Kf4  1-0

[Event "Lasker Mem A"]
[Site "Barlinek POL"]
[Date "2006.06.11"]
[Round "9"]
[White "Kolomytchenko,I"]
[Black "Baumann,D"]
[Result "0-1"]
[WhiteElo "2079"]
[BlackElo "1892"]

1.e4 c5 2.Nf3 Nc6 3.Bb5 g6 4.O-O Bg7 5.Re1 e5 6.Bxc6 dxc6 7.h3 Ne7 8.d3 O-O
9.a4 f6 10.Be3 b6 11.Nbd2 Be6 12.Nf1 h6 13.Qd2 Kh7 14.N3h2 f5 15.f3 f4 16.Bf2 g5
17.Rad1 Qe8 18.Kh1 Rd8 19.Qe2 Ng6 20.Nd2 Rd7 21.Rg1 Rdf7 22.Rdf1 Qd7 23.Be1 h5
24.Bf2 Bf6 25.Rd1 Kg7 26.Rge1 Rh8 27.Kg1 Kg8 28.Nc4 Rfh7 29.Kf1 g4 30.fxg4 hxg4
31.Nxg4 Bxg4 32.Qxg4 Qxg4 33.hxg4 f3 34.gxf3 Rh1+ 35.Ke2 R1h2 36.Rf1 Nf4+
37.Ke1 R8h3 38.g5 Ng2+ 39.Ke2 Bxg5 40.Rg1 Nf4+ 41.Kf1 Rh5 42.Nxe5 Nh3 43.Ng4 Nxf2
44.Nxf2 Kf8 45.Rg2 Bf4 46.Ng4 Rh1+ 47.Ke2 Rxd1 48.Kxd1 Rh1+ 49.Ke2 Rb1 50.b3 Rc1
51.Ne3 b5 52.axb5 cxb5 53.Kd2 Rf1 54.Ke2 Rc1 55.Rg6 Bxe3 56.Kxe3 Rxc2 57.Ra6 Rc3
58.Rxa7 Rxb3 59.e5 c4 60.Rd7 b4 61.Ke4 c3 62.Rc7 Rb2 63.Kf5 Rf2 64.f4 c2
65.Ke6 b3 66.f5 b2 67.Rc8+ Kg7 68.f6+ Kh7 69.Rc7+ Kh6 70.Rc8 c1=Q 71.Rh8+ Kg5
72.Rg8+ Kh4 73.Rh8+ Kg3 74.Rg8+ Kh2 75.Rh8+ Kg1 76.Rg8+ Kf1 77.f7 Qc6+  0-1

[Event "Masters"]
[Site "Las Vegas USA"]
[Date "2006.06.12"]
[Round "5"]
[White "Gonzalez,Ren"]
[Black "Stein,Alan"]
[Result "1/2-1/2"]
[WhiteElo "2470"]
[BlackElo "2434"]

1.e4 c5 2.Nf3 Nc6 3.Bb5 d6 4.O-O Bd7 5.c3 Nf6 6.Re1 a6 7.Ba4 b5 8.Bc2 e5
9.h3 Be7 10.d4 O-O 11.d5 Na5 12.Nbd2 Qc7 13.b3 g6 14.Nf1 Nh5 15.Bh6 Rfb8
16.Qd2 Nb7 17.g4 Ng7 18.Ne3 f6 19.Kh2 Nd8 20.Rg1  1/2-1/2

[Event "Masters"]
[Site "Las Vegas USA"]
[Date "2006.06.12"]
[Round "5"]
[White "Gokhale,C"]
[Black "Belorusov,M"]
[Result "1/2-1/2"]
[WhiteElo "2368"]
[BlackElo "2309"]

1.Nf3 c5 2.e4 Nc6 3.Bb5 g6 4.O-O Bg7 5.Bxc6 dxc6 6.d3 Nf6 7.Nbd2 O-O 8.Qe2 Qc7
9.h3 h6 10.Nh2 Nh5  1/2-1/2

[Event "Masters"]
[Site "Las Vegas USA"]
[Date "2006.06.12"]
[Round "6"]
[White "Stein,Alan"]
[Black "Antic,De"]
[Result "0-1"]
[WhiteElo "2434"]
[BlackElo "2491"]

1.e4 c5 2.Nf3 Nc6 3.Bb5 d6 4.O-O Bd7 5.c3 Nf6 6.Re1 a6 7.Bf1 Bg4 8.h3 Bxf3
9.Qxf3 g6 10.Na3 Bh6 11.Nc4 O-O 12.e5 dxe5 13.Nxe5 Nxe5 14.Rxe5 Qd6 15.Re2 Qc7
16.d3 Bxc1 17.Rxc1 Kg7 18.Rce1 e6 19.g3 Rad8 20.Re5 Rd7 21.Qd1 Rfd8 22.Qb3 Rd5
23.R5e3 b6 24.Qa4 a5 25.a3 h5 26.Qc4 Qd7 27.Rf3 b5 28.Qf4 Rf5 29.Qe3 Nd5
30.Qe4 Rxf3 31.Qxf3 b4 32.Qe4 Qd6 33.Qc4 Qb6 34.Re5 Qb8 35.Re4 Nf6 36.Rf4 bxa3
37.bxa3 Rd5 38.Qa6 Qb3 39.c4 Rd7 40.Qc6 Qxa3 41.Rxf6 Rxd3 42.Rf4 Rxg3+ 43.Kh2 Rg5
44.Rxf7+ Kxf7 45.Qd7+ Kf6 46.Qd8+ Kf5 47.Bd3+ Kf4 48.Qd6+ Kf3 49.h4 Qb2 50.Qc6+ Rd5  0-1

[Event "Open A"]
[Site "Voronezh RUS"]
[Date "2006.06.12"]
[Round "1"]
[White "Magrifin,I"]
[Black "Golovin,Leo"]
[Result "1-0"]
[WhiteElo "2151"]
[BlackElo "2418"]

1.e4 c5 2.Nf3 Nc6 3.Bb5 Qb6 4.Nc3 g6 5.O-O Bg7 6.Re1 e6 7.Bxc6 bxc6 8.b3 e5
9.Na4 Qa5 10.Ba3 d6 11.d4 cxd4 12.Bxd6 Ba6 13.Qc1 Rd8 14.Qa3 Bb5 15.Bxe5 Bxe5
16.Nxe5 Qc7 17.Nf3 Ne7 18.Rad1 O-O 19.Nxd4 Qe5 20.Qc5 Qf6 21.Nxb5 cxb5 22.Qxb5 Nc6
23.Qc5 Nd4 24.Nc3 Ne6 25.Qe3 Rde8 26.Nd5 Qg7 27.c4 f5 28.exf5 Rxf5 29.Nf4 Nc7  1-0

[Event "Open A"]
[Site "Voronezh RUS"]
[Date "2006.06.12"]
[Round "1"]
[White "Chuprov,D"]
[Black "Efanov,N"]
[Result "1-0"]
[WhiteElo "2525"]
[BlackElo "2268"]

1.e4 c5 2.Nf3 Nc6 3.Bb5 e6 4.Bxc6 bxc6 5.d3 Ne7 6.Qe2 f6 7.Nh4 d6 8.f4 g6
9.Nf3 Bg7 10.e5 Nf5 11.Be3 Qb6 12.Nbd2 fxe5 13.fxe5 Nxe3 14.Qxe3 d5 15.O-O O-O
16.Nb3 c4 17.Nc5 cxd3 18.cxd3 Qxb2 19.d4 Bh6 20.Qxh6 Rxf3 21.Qh4 Rf5 22.Rab1 g5
23.Qxg5+ Rxg5 24.Rxb2 Rg7 25.Rf6 Re7 26.Rb3 a5 27.a4 Rg7 28.h3 Re7 29.Kh2 Rg7
30.g4 Re7 31.h4 Rg7 32.g5 Re7 33.Kg3 Rg7 34.Kf4 Rf7 35.Rb6 Rc7  1-0

[Event "10th Heraclion Open"]
[Site "Athens GRE"]
[Date "2006.06.13"]
[Round "4"]
[White "Makka,I"]
[Black "Kourousis,E"]
[Result "0-1"]
[WhiteElo "2198"]
[BlackElo "2060"]

1.e4 c5 2.Nf3 Nc6 3.Bb5 g6 4.Bxc6 dxc6 5.d3 Bg7 6.Nc3 Nf6 7.h3 Nd7 8.Be3 e5
9.Qd2 Qe7 10.Bh6 O-O 11.Bxg7 Kxg7 12.O-O Rd8 13.Nh2 Nf8 14.f4 exf4 15.Rxf4 Ne6
16.Rf2 Qg5 17.Qxg5 Nxg5 18.h4 Ne6 19.Raf1 Rf8 20.e5 Nd4 21.Ne4 b6 22.g4 Be6
23.c3 Nb5 24.a4 Nc7 25.Nd6 Rad8 26.Rf3 Ne8 27.Nxe8+ Rfxe8 28.Re3 Rd7 29.g5 Red8
30.Rff3 Bf5 31.Nf1 Rxd3 32.Rxd3 Bxd3 33.Ne3 Re8 34.Ng4 Be2 35.Nf6 Rxe5 36.Rf4 Bd3
37.Rf3 Bf5 38.Rf4 h6 39.Rf2 hxg5 40.hxg5 Be4 41.Kh2 Bd5 42.c4 Bxc4 43.Rg2 Bd5
44.Rg4 Re2+ 45.Kg1 Rxb2 46.Kf1 Rb4 47.Rg3 Rxa4 48.Re3 Rf4+ 49.Ke1 Rxf6 50.gxf6+ Kxf6
51.Re8 b5 52.Ra8 c4 53.Rxa7 Ke5 54.Rb7 g5 55.Rb8 g4 56.Ke2 f5  0-1

[Event "Masters"]
[Site "Las Vegas USA"]
[Date "2006.06.14"]
[Round "9"]
[White "Gonzalez,Ren"]
[Black "Savage,B"]
[Result "1/2-1/2"]
[WhiteElo "2470"]
[BlackElo "2310"]

1.e4 c5 2.Nf3 Nc6 3.Bb5 g6 4.O-O Bg7 5.Re1 e5 6.Bxc6 dxc6 7.d3 Qe7 8.h3 Nf6
9.Nbd2 Nd7 10.a4 a5 11.Nc4 b6 12.Qe2  1/2-1/2

[Event "Open A"]
[Site "Voronezh RUS"]
[Date "2006.06.14"]
[Round "3"]
[White "Voitsekhovsky,S"]
[Black "Matsenko,S"]
[Result "1-0"]
[WhiteElo "2490"]
[BlackElo "2364"]

1.e4 c5 2.Nf3 Nc6 3.Bb5 e6 4.O-O Nge7 5.Re1 a6 6.Bxc6 Nxc6 7.d4 cxd4 8.Nxd4 b5
9.Nxc6 dxc6 10.Qxd8+ Kxd8 11.Bf4 Bb7 12.Nd2 f6 13.Nb3 e5 14.Be3 Kc7 15.a4 Bc8
16.a5 Be6 17.Rad1 Rc8 18.Bc5 Bxb3 19.Bb6+ Kb8 20.cxb3 Bb4 21.Re3 Rce8 22.Red3 Re7
23.h4 c5 24.Bd8 Ra7 25.h5 h6 26.Rd5 Rf8 27.Rd6 Kb7 28.Rb6+ Ka8 29.Re6 Kb7
30.Rb6+ Ka8 31.Re6 Kb7 32.Kh2 Rg8 33.f3 c4 34.bxc4 Ra8 35.Be7 Rae8 36.Rb6+  1-0

[Event "Summer-3"]
[Site "Alushta UKR"]
[Date "2006.06.16"]
[Round "1"]
[White "Ivanov,AA"]
[Black "Akshayraj,K"]
[Result "1-0"]
[WhiteElo "2419"]
[BlackElo "2380"]

1.e4 c5 2.Nf3 Nc6 3.Bb5 g6 4.O-O Bg7 5.Re1 Nf6 6.Nc3 O-O 7.e5 Ng4 8.Bxc6 dxc6
9.d3 f6 10.h3 Nxe5 11.Nxe5 fxe5 12.Ne4 b6 13.b3 Qc7 14.a4 a5 15.Qe2 Bd7 16.Qe3 Rf4
17.Qg3 Raf8 18.Rb1 R4f5 19.Re2 Be8 20.Bd2 h6 21.Rbe1 g5 22.Bc3 Bg6 23.h4 g4
24.Nd2 b5 25.Bxe5 Rxe5 26.Rxe5 Bxe5 27.Qxe5 Qxe5 28.Rxe5 Rf5 29.Rxe7 c4 30.bxc4 bxa4
31.Re1 Rf7 32.Ra1 Rb7 33.Nf1 Rb4 34.Ne3 h5 35.Kf1 Be8 36.Ke2 Kf8 37.Nd1 c5
38.Nc3 Bc6 39.f3 Rb2 40.Kd2 gxf3 41.gxf3 Ke7 42.Nxa4 Rb8 43.Nxc5 Rf8 44.Rxa5 Rxf3
45.Ne4 Be8 46.Re5+  1-0

[Event "Open A"]
[Site "Voronezh RUS"]
[Date "2006.06.16"]
[Round "5"]
[White "Kruchev,B"]
[Black "Tkachuk,A"]
[Result "0-1"]
[WhiteElo "2328"]
[BlackElo "2160"]

1.e4 c5 2.Nf3 Nc6 3.Bb5 d6 4.d4 cxd4 5.Qxd4 Qa5+ 6.Nc3 Qxb5 7.Nxb5 Nxd4 8.Nfxd4 Kd8
9.Be3 Nf6 10.f3 Bd7 11.O-O-O g6 12.c4 Kc8 13.Kb1 b6 14.Rd3 Kb7 15.Rhd1 Bg7
16.Rb3 Rhc8 17.Rc1 Be8 18.Rd3 Nd7 19.b3 Ne5 20.Rd2 Nc6 21.Nc3 Nxd4 22.Bxd4 Bh6
23.Rcd1 Bxd2 24.Rxd2 Bc6 25.Kb2 h5 26.Be3 Rg8 27.b4 Kc7 28.h4 f6 29.a4 a5
30.b5 Bb7 31.Rc2 Rac8 32.Ne2 e5 33.Rd2 f5 34.exf5 gxf5 35.Bg5 f4 36.Kb3 Kd7
37.g3 fxg3 38.Nxg3 Rcf8 39.f4 exf4 40.Nxh5 Rg6 41.Rf2 f3 42.Kc3 d5 43.cxd5 Bxd5
44.Ng3 Ke6 45.Nf1 Rc8+ 46.Kd2 Rc4 47.Ne3 Rxa4 48.Nxd5 Rd4+ 49.Kc2 Rxd5 50.Rxf3  0-1

[Event "Open A"]
[Site "Balatonlelle HUN"]
[Date "2006.06.17"]
[Round "1"]
[White "Videki,S"]
[Black "Schlegl,O"]
[Result "1-0"]
[WhiteElo "2414"]
[BlackElo "2130"]

1.e4 c5 2.Nf3 Nc6 3.Bb5 e6 4.Bxc6 bxc6 5.d3 Ne7 6.Qe2 Ng6 7.h4 h5 8.e5 d5
9.exd6 Bxd6 10.Na3 Ba6 11.Ng5 Qd7 12.Bd2 Kf8 13.O-O-O Be5 14.Be3 Qe7 15.Ne4 Bd6
16.Nc4 Bxc4 17.dxc4 Bf4 18.Bxf4 Nxf4 19.Qe3 Nxg2 20.Qg3  1-0

[Event "Open A"]
[Site "Balatonlelle HUN"]
[Date "2006.06.17"]
[Round "1"]
[White "Sax,G"]
[Black "Horvath,Ga1"]
[Result "1-0"]
[WhiteElo "2535"]
[BlackElo "2237"]

1.e4 c5 2.Nf3 Nc6 3.Bb5 e6 4.O-O Nge7 5.Re1 a6 6.Bf1 d5 7.e5 Nf5 8.c3 Be7
9.Na3 O-O 10.Nc2 Bd7 11.d3 Rc8 12.g3 b5 13.Ne3 Nxe3 14.Bxe3 b4 15.c4 Qc7
16.h4 Rcd8 17.cxd5 exd5 18.Bf4 Be6 19.d4 c4 20.Ng5 Qb6 21.Nxe6 fxe6 22.Be3 b3
23.axb3 Bb4 24.Re2 cxb3 25.f4 Na5 26.Rf2 Rc8 27.Qd3 Rc6 28.f5 exf5 29.Rxf5 Nc4
30.Bf2 Nxb2 31.Rxf8+ Bxf8 32.Qe3 Qd8 33.Qxb3 Nc4 34.Bg2 Rb6 35.Qf3 Rb5 36.Rxa6 Nd2
37.Qd3 Nc4 38.Qf5  1-0